US States with Highest Density of Tornado Tracks - Statistics

General Stats
  • This quiz has been taken 96 times
  • The average score is 8 of 10
Answer Stats
Order Answer % Correct
4th Oklahoma
97%
2nd Alabama
91%
6th Kansas
91%
1st Mississippi
89%
3rd Arkansas
87%
8th Illinois
82%
7th Iowa
82%
9th Georgia
78%
10th Indiana
72%
5th Louisiana
72%
No matching quizzes found
Score Distribution
Percent of People with Each Score
Percentile by Number Answered
Your Score History
You have not taken this quiz